Българо-румънски политически отношения (1944-1989 г.) (Запис номер 437952)
[ съкратено ]
| 000 -Лидер | |
|---|---|
| Контролно поле с фиксирана дължина | 01073nam a2200253 a 4500 |
| 003 - Код на организацията, давaща контролен номер | |
| Контролно поле | BLK |
| 005 - Дата и час на последна редакция | |
| Контролно поле | 20241216105956.0 |
| 008 - Елементи от данни с фиксирана дължина | |
| fixed length control field | 211123b bul|||||r ||||||| ||bul|| |
| 020 ## - Международен стандартен номер на книга ISBN | |
| Международен стандартен номер на книга ISBN | 9789543264230 |
| 040 ## - Източник на каталожния запис | |
| Идентификатор на билиотеката - собственик на записа | BLK |
| 041 ## - Код за език | |
| Код за езика на текст/звукозапис или на отделно заглавие | Български |
| Код за езика КДБФ | Български |
| 080 ## - УДК | |
| Текстов определител УДК | Международна солидарност на трудещите се |
| УДК код - определител по УДК | 327.32 |
| УДК определител | (497.2:498) |
| УДК - код + определител | 327.32(497.2:498) |
| 100 ## - Редна дума - Автор | |
| Автор | Шуманова, Спаска Ангелова |
| Авторска отговорност | първи автор |
| R(LIN) | 467834 |
| 139 ## - Редно поле | |
| Редна дума | Шуманова, Спаска Ангелова |
| Авторски знак | Шум - Ш 97 |
| 245 10 - Сведения за заглавието | |
| Заглавие | Българо-румънски политически отношения (1944-1989 г.) |
| Редно поле (дума) | Спаска Шуманова |
| 260 ## - Област на издателските данни | |
| Място на издаване, разпространение и проч. | София |
| Име на издателя, разпространителя и проч. | Парадигма |
| Година на издаване | 2020 |
| 9 (RLIN) | 209799 |
| Издателство - префикс ISBN | 978-954-326- ; 954-9536- |
| 300 ## - Физическа характеристика | |
| Страници | 393 с. |
| Размери/Мащаб | 24 см |
| 380 ## - Жанр | |
| Жанр | Обществени науки |
| 650 #7 - Допълнително описание по предмет – тема | |
| Основно описание – тема или топоним | Международни политически отношения |
| 9 (RLIN) | 161809 |
| 653 #0 - Ключова дума – ненормативна | |
| Ключова дума | българо-румънски отношения |
| 9 (RLIN) | 467836 |
| 852 ## - Местоположение | |
| Фондова буква | Заемна - подръчен фонд |
| Систематично-азбучна сигнатура | 327/Ш 97 С |
| 999 ## - СИСТЕМНИ КОНТРОЛНИ НОМЕРА | |
| Koha biblionumber | 437952 |
| Koha biblioitemnumber | 437952 |
| 942 ## - АРТИКУЛИ | |
| Вид на библиотечния материал | Книги |
| Скрит в OPAC | Не |
| Периодичен библиозапис | Да |
| Koha issues (borrowed), all copies | 1 |
| 944 ## - СЪЗДАВАНЕ И РЕДАКЦИЯ на ЗАПИСА | |
| Създаване/Редакция | Създаване |
| Дата на регистрацията/редакция | 2021-11-23 |
| Служител, извършил регистрацията/редакцията | 30575 |
| Статус, дата на статуса | Мартин Енчев |
| Код за отписване | Код за изгубен артикул | Източник на класификационната схема | Код за повреда | Коз за рестрикции | Код за отдаване | Артикулен № | Име на библиотеката - собственик | Име на библиотеката, в която се намира в момента | Статус (Текущо местоположение) | Дата на вписване в системата | Местоположение - отдел | Цена в лева | Систематично азбучна сигнатура | Баркод | Цена в евро | Служебен тип на артикула |
|---|---|---|---|---|---|---|---|---|---|---|---|---|---|---|---|---|
| Не е изгубен | Universal Decimal Classification | Не е повреден | без рестрикции | заемане за дома | 863564 | Регионална библиотека "Любен Каравелов" Русе | Регионална библиотека "Любен Каравелов" Русе | Заемна - подръчен фонд | 2021-11-24 | Заемна - подръчен фонд | 17.60 | 327/Ш 97 С | 120000863018 | 9.00 | Книги |